Countries With Worst School Massacres - Statistics

General Stats
  • This quiz has been taken 260 times
  • The average score is 7 of 15
Answer Stats
Rank Massacre Country Deaths Year % Correct
8 Bath School disaster United States 45 1927
99%
1 Beslan school siege Russia 385 2004
85%
17 Dunblane massacre United Kingdom 17 1996
84%
16 2004 Dhemaji school bombing India 18 2004
67%
20 Erfurt school massacre Germany 16 2002
66%
4 Peshawar school massacre Pakistan 149 2014
50%
14 Bacha Khan University Attack Pakistan 22 2016
50%
9 Yobe State school shooting Nigeria 42 2013
46%
15 Kerch Polytechnic College attack Ukraine 20 2018
43%
2 Walisongo school massacre Indonesia 165 2000
40%
11 Ma'alot massacre Israel 31 1974
28%
7 Thammasat University massacre Thailand 46 1976
24%
5 Garissa University College attack Kenya 148 2015
21%
13 Gîsca school bombing Soviet Union 23 1950
13%
3 Eastern University massacre Sri Lanka 158 1990
10%
No matching quizzes found
Score Distribution
Percent of People with Each Score
Percentile by Number Answered
Your Score History
You have not taken this quiz